000
00302cam a2200121ua 4500
082
_a
665.53
_b
STR/PE
100
_a
Strachan, J F .
_9
1472
245
_a
Petroleum Refinery Engineers Handbook /
250
_a
2 /
260
_a
London :
_b
E & F N Spon limited ,
_c
1955.
300
_a
168 ; .
942
_c
BK
999
_c
6865
_d
6865